Population control for zero growth in Singapore (Record no. 355357)

000 -LEADER
fixed length control field 00373cam a22001217a 4500
008 - FIXED-LENGTH DATA ELEMENTS--GENERAL INFORMATION
fixed length control field 180718b1980 xxu||||| |||| 00| 0 eng d
082 ## - DEWEY DECIMAL CLASSIFICATION NUMBER
Classification number O97x5952 Sw35
100 ## - MAIN ENTRY--PERSONAL NAME
Personal name Swee-Hock, Saw
245 ## - TITLE STATEMENT
Title Population control for zero growth in Singapore
Statement of responsibility, etc. by Saw Swee-Hock
260 ## - PUBLICATION, DISTRIBUTION, ETC.
Place of publication, distribution, etc. Singapore
Name of publisher, distributor, etc. Oxford University Press
Date of publication, distribution, etc. 1980
300 ## - PHYSICAL DESCRIPTION
Extent 231p.
650 ## - SUBJECT ADDED ENTRY--TOPICAL TERM
Topical term or geographic name entry element Birth control - Singapore
Holdings
Withdrawn status Lost status Damaged status Not for loan Permanent Location Current Location Date acquired Full call number Barcode Date last seen Price effective from Koha item type
        Indian Institute of Public Administration Indian Institute of Public Administration 1993-12-18 O97x5952 Sw35 57975 2018-07-21 2018-07-21 Book

Powered by Koha